Légendes Pokémon Arceus- Tous les Bivouacs - Statistiques

Statistiques générales
  • Ce quiz a été pris 5 fois
  • Le résultat moyen est 4 sur 11
Statistiques - réponses
Localisation Réponse % Correct
Plaines Obsidiennes Bivouac du Plateau
100%
Plaines Obsidiennes Bivouac des Plaines
75%
Marais Carmin Bivouac du Marais
75%
Côte Lazuli Bivouac Côtier
50%
Contrefort Couronné Bivouac des Cimes
50%
Contrefort Couronné Bivouac Contrefort
25%
Marais Carmin Bivouac de la Friche
25%
Terres Immaculées Bivouac des Neiges
25%
Contrefort Couronné Bivouac des Montagnes
0%
Côte Lazuli Bivouac des Plages
0%
Terres Immaculées Bivouac du Glacier
0%
Aucun quiz correspondant
Distribution des résultats
% des personnes avec chaque résultat
Percentile par nombre de réponses
Votre historique - résultats
Vous n’avez pas pris ce quiz